00723nam a2200217 u 450000100070000000500170000700800410002403500110006503500210007604000130009704100080011010000400011824501260015830000120028465000290029665000190032565000190034477301160036394200090047999900170048827638020240201130226.0980806s1997 spa  a276380 a(OCoLC)777727299 ccomduadb aspa10aJeannin, Philippe4auteaut928870510aModos de prueba de insecticidas veterinarios para el tratamiento de perros y gatos : un caso de estudio : frontline spray ap.47-52 7aInsecticidas2lemb91474 aCaninos923679 aFelinos9220320 tMemorias del Foro Internacional sobre Control de Pulgas y Garrapatasgp.47-52w275568w(OCoLC)7777269480100940 cBOOK c95860d95860